| 000 | 00811nam a2200253Ia 4500 | ||
|---|---|---|---|
| 003 | OSt | ||
| 005 | 20220615112859.0 | ||
| 008 | 210716s1992 xx 000 0 und d | ||
| 020 | _a863113702 | ||
| 040 | _cAIMIT LIBRARY | ||
| 041 | _aeng | ||
| 082 | _a511.42 BALS | ||
| 100 |
_aRao, S Balachandra. _942589 |
||
| 245 |
_aNumerical methods: _bwith programs in basic fortran and pascal / _cBy S Balachandra Rao and C K Shantha. |
||
| 250 | _a1st ed. | ||
| 260 |
_aNew Delhi : _bUniversities Press , _c1992. |
||
| 300 |
_ax, 446p. ; _c24.5 cm. |
||
| 650 |
_aNumbers errors and accuracy _942590 |
||
| 650 |
_aIteractive process _942591 |
||
| 650 |
_aSolution of nonlinear equations _942592 |
||
| 650 |
_aNumerical integration _942593 |
||
| 700 |
_aShantha C K. _942594 |
||
| 942 |
_2ddc _cBK _e1st _k511.42 BALS |
||
| 999 |
_c182374 _d182374 |
||